| 000 | 00366 a2200169 4500 | ||
|---|---|---|---|
| 001 | 73319 | ||
| 020 | _a8571063508 | ||
| 040 | _cAnchieta - Colégio São Paulo | ||
| 100 | _aBetella,Gabriela Kvacek | ||
| 240 | 1 | 0 |
_aBons dias! _lpor |
| 245 | 1 | 0 | _aBons dias! |
| 300 | _a214 | ||
| 362 | 0 | _a2006 | |
| 440 | 1 | _aRevan | |
| 650 | 4 | _aCrônicas brasileiras | |
| 942 | _cBK | ||
| 999 |
_c73319 _d73319 |
||